000 00284nam a2200121Ia 4500
008 190216s9999||||xx |||||||||||||| ||und||
100 _aSreedhara Menon.A
245 0 _aIndian History & Culture
260 _bViswanathan S.
300 _a179
650 _aIndian History
942 _cBK
999 _c19084
_d19084